| 000 | 00368nam a22001457a 4500 | ||
|---|---|---|---|
| 008 | 250512b |||||||| |||| 00| 0 eng d | ||
| 020 | _a9781447237624 | ||
| 050 |
_aPR6119.T79 _b.T73 |
||
| 100 | _aStross Charles | ||
| 245 | _aThe Traders War | ||
| 260 |
_aUK _bEllipsis Digital Limited _c2013 |
||
| 300 | _a610P. | ||
| 650 | _aWoman Journalists - Fiction | ||
| 942 | _cBK | ||
| 999 |
_c3393 _d3393 |
||